书目信息 |
| 题名: |
乒乓球
|
|
| 作者: | 文世平 , 胡玉华 主编 | |
| 分册: | ||
| 出版信息: | 长沙 湖南大学出版社 2009.02 |
|
| 页数: | 173页 | |
| 开本: | 23cm | |
| 丛书名: | 高等院校体育选项课系列教材 | |
| 单 册: | ||
| 中图分类: | G846 | |
| 科图分类: | ||
| 主题词: | 乒乓球运动--ping pang qiu yun dong--高等院校--教材 | |
| 电子资源: | ||
| ISBN: | 978-7-81113-561-9 | |
| 000 | 01098nam 2200289 450 | |
| 001 | 012009806812 | |
| 005 | 20091128165408.75 | |
| 010 | @a978-7-81113-561-9@dCNY20.00 | |
| 100 | @a20091128d2009 em y0chiy0120 ea | |
| 101 | 0 | @achi |
| 102 | @aCN@b430000 | |
| 105 | @aa a 000yy | |
| 106 | @ar | |
| 200 | 1 | @a乒乓球@Aping pang qiu@f文世平, 胡玉华主编@Fwen shi ping,hu yu hua zhu bian |
| 205 | @a第2版 | |
| 210 | @a长沙@c湖南大学出版社@d2009.02 | |
| 215 | @a173页@c图@d23cm | |
| 225 | 2 | @a高等院校体育选项课系列教材@Agao deng yuan xiao ti yu xuan xiang ke xi lie jiao cai |
| 320 | @a有书目 (第173页) | |
| 330 | @a本书遵循了乒乓球运动学习步骤,共分7章。每一章条目清楚、知识覆盖面广,详细阐述了乒乓球技术动作练习的要领、教学与自我练习的方法、易犯错误及其纠正办法等,有利于课堂教学与课外体育锻炼指导。 | |
| 410 | 0 | @12001 @a高等院校体育选项课系列教材 |
| 606 | 0 | @a乒乓球运动@Aping pang qiu yun dong@x高等院校@j教材 |
| 690 | @aG846@v4 | |
| 701 | 0 | @a文世平@Awen shi ping@4主编 |
| 701 | 0 | @a胡玉华@Ahu yu hua@4主编 |
| 801 | 0 | @aCN@bQSSK@c20091128 |
| 905 | @b767876-78@dG846@eW651@f3 | |
| 乒乓球/文世平, 胡玉华主编.-第2版.-长沙:湖南大学出版社,2009.02 |
| 173页:图;23cm.-(高等院校体育选项课系列教材) |
| ISBN 978-7-81113-561-9:CNY20.00 |
| 本书遵循了乒乓球运动学习步骤,共分7章。每一章条目清楚、知识覆盖面广,详细阐述了乒乓球技术动作练习的要领、教学与自我练习的方法、易犯错误及其纠正办法等,有利于课堂教学与课外体育锻炼指导。 |
| ● |
| 相关链接 |
|
|
|
正题名:乒乓球
索取号:G846/W651
 
预约/预借
| 序号 | 登录号 | 条形码 | 馆藏地/架位号 | 状态 | 备注 |
| 1 | 767876 | 207678761 | 社科库409/409社科库 24排1列3层/ [索取号:G846/W651] | 在馆 | |
| 2 | 767877 | 207678770 | 社科库409/409社科库 24排1列3层/ [索取号:G846/W651] | 在馆 | |
| 3 | 767878 | 207678789 | 社科库409/409社科库 24排1列3层/ [索取号:G846/W651] | 在馆 |